Normal view
MARC view
- Asphalt in hydraulic engineering
Entry Topical Term
001 - CONTROL NUMBER
- control field: 43906
003 - CONTROL NUMBER IDENTIFIER
- control field: NUST
005 - DATE AND TIME OF LATEST TRANSACTION
- control field: 20210314132827.0
008 - FIXED-LENGTH DATA ELEMENTS
- fixed length control field: 210314|| aca||aabn | a|a d
040 ## - CATALOGING SOURCE
- Original cataloging agency: NUST
- Transcribing agency: NUST
150 ## - HEADING--TOPICAL TERM
- Topical term or geographic name entry element: Asphalt in hydraulic engineering
670 ## - SOURCE DATA FOUND
- Source citation: Work cat.: (NUST): Asphalt Institute. 13616, Asphalt in hydraulics., 1976.
